Busines process redesign
Furkejuvvon:
| Váldodahkki: | |
|---|---|
| Materiálatiipa: | Girji |
| Giella: | espánnjágiella |
| Almmustuhtton: |
Leiden
lansa Publishing
2004
|
| Fáttát: | |
| Fáddágilkorat: |
Lasit fáddágilkoriid
Eai fáddágilkorat, Lasit vuosttaš fáddágilkora!
|
MARC
| LEADER | 00000cam a2200000 a 4500 | ||
|---|---|---|---|
| 001 | UCI1953 | ||
| 003 | CL-VaPUC | ||
| 008 | 070727e20040000NE |||||||||||||||||spa|d | ||
| 020 | |a 9055900524 | ||
| 082 | 0 | 4 | |a 658.4012 |b TID |2 21 |
| 100 | 0 | |a Tideman, Bruno |e author |9 522781 | |
| 245 | 1 | 0 | |a Busines process redesign |
| 300 | |a 150 p | ||
| 942 | |c BK | ||
| 945 | |d 20070727 00:00:00 |a rbrito | ||
| 260 | |a Leiden |b lansa Publishing |c 2004 | ||
| 650 | 0 | |a Gestión administrativa |9 375217 | |
| 650 | 0 | |a Organización |9 256369 | |
| 650 | 0 | |a Planificación estratégica |9 259735 | |
| 650 | 7 | |a ESTRATEGIAS DE DESARROLLO |2 CL-VaPUC |9 522782 | |
| 650 | 7 | |a EJECUCION DE PROYECTOS |2 CL-VaPUC |9 361904 | |
| 650 | 0 | |a Investigación operativa |9 259383 | |
| 583 | |a last modification |c 20111003 05:23:21 |k Rodrigo Vera | ||
| 999 | |c 326639 |d 326637 | ||
| 952 | |0 0 |1 0 |4 0 |6 658_401200000000000_TID_2004 |7 0 |8 A |9 408666 |a BIBING |b BIBING |d 2019-11-22 |i 435947K |o 658.4012 TID 2004 |p 435947K |r 2025-01-20 |w 2019-11-22 |y BK |k EII | ||